000 00614nam a22001697a 4500
003 BD-DhUL
005 20160829111910.0
008 160829s1967 BG ||||| |||| 00| 0 ben d
040 _aBD-DhUL
_cBD-DhUL
082 _a915.1
_bFAP
100 1 _aআহমদ, ফয়েজ ।
245 1 _aপিকিং থেকে লিখছি /
_cফয়েজ আহমদ
260 _aঢাকা :
_bচয়নিকা প্রকাশনী,
_c১৯৬৭।
300 _a১৫৯ পৃ. ;
_c২০ সেমি।
651 0 _aচীন
_xভ্রমণ ও ইতিহাস
942 _2ddc
_cBK
999 _c102184
_d102184